| 000 | 01376cam a22003495a 4500 | ||
|---|---|---|---|
| 001 | 13563900 | ||
| 003 | EG-ScBUE | ||
| 005 | 20220606105656.0 | ||
| 008 | 040419t2005 maua f 000 0 eng d | ||
| 020 | _a1413012558 | ||
| 020 | _a9781413012552 | ||
| 040 |
_aDLC _beng _erda _cDLC _dDLC _dEG-ScBUE |
||
| 082 | 0 | 4 |
_a428.34 _bDUN _222 |
| 100 | 1 |
_aDunkel, Patricia, _eauthor. _91006 |
|
| 245 | 1 | 0 |
_aAdvanced listening comprehension : _bdeveloping aural and Note taking skills / _cPatricia Dunkel, professor emerita, Georgia State University, Frank Pialorsi, professor emerita, University of Arizona. |
| 250 |
_aThird edition, _binternational Student edition. |
||
| 264 | 1 |
_aBoston, Massachusetts : _bThomson Heinle, _c[2005] |
|
| 264 | 4 | _cc2005 | |
| 300 |
_axii, 212 pages : _billustrations ; _c28 cm. |
||
| 336 |
_2rdacontent _atext _btxt |
||
| 337 |
_2rdamedia _aunmediated _bn |
||
| 338 |
_2rdacarrier _avolume _bnc |
||
| 490 | 0 |
_aListening and notetaking skills ; _v3 |
|
| 520 | _aIntroduces the fundamentals of listening and note-taking using written exercises and audio activities. | ||
| 650 | 7 |
_aEnglish language _vTextbooks for foreign speakers. _2BUEsh _943 |
|
| 650 | 7 |
_aListening. _2BUEsh _91008 |
|
| 651 | _2BUEsh | ||
| 653 |
_bHHUUEENN _cAugust2015 _cJanuary2019 |
||
| 655 |
_vReading book _934232 |
||
| 700 | 1 |
_aPialorsi, Frank, _eauthor. _91010 |
|
| 942 |
_2ddc _cBB |
||
| 999 |
_c10271 _d10271 |
||